Advanced concepts in operating systems : distributed database and multiprocessor operating systems (Record no. 171008)

MARC details
000 -LEADER
fixed length control field 00575nam a2200157Ia 4500
005 - DATE AND TIME OF LATEST TRANSACTION
control field 20241219114819.0
008 - FIXED-LENGTH DATA ELEMENTS--GENERAL INFORMATION
fixed length control field 231217s9999 xx 000 0 und d
020 ## - INTERNATIONAL STANDARD BOOK NUMBER
International Standard Book Number 9780070472686
082 ## - DEWEY DECIMAL CLASSIFICATION NUMBER
Classification number 001.642 SIN;12
100 ## - MAIN ENTRY--PERSONAL NAME
Personal name Singhal, Mukesh. Shivaratri, Niranjan G. Liu, C L. ed
245 #0 - TITLE STATEMENT
Title Advanced concepts in operating systems : distributed database and multiprocessor operating systems
260 ## - PUBLICATION, DISTRIBUTION, ETC. (IMPRINT)
Date of publication, distribution, etc. 1994
Name of publisher, distributor, etc. TMH
Place of publication, distribution, etc. New Delhi
300 ## - PHYSICAL DESCRIPTION
Extent xxii+522
650 ## - SUBJECT ADDED ENTRY--TOPICAL TERM
Topical term or geographic name as entry element Advanced,concepts,operating,systems:,Distributed,,database,multiprocessor,operating,systems
942 ## - ADDED ENTRY ELEMENTS (KOHA)
Koha item type Books
Holdings
Date last seen Total Checkouts Full call number Accession number Old discount Cost, replacement price Price effective from Category Lost status Damaged status Department Withdrawn status bill no. bill date Permanent Location Current Location Shelving location Entry date Vendor Cost, normal purchase price Grants Currency symbol Conversion rate Discount Discount type Checked out Date checked out
26/01/2024   001.642 SIN;12 26045 20 200.00 26/01/2024 Books     Central Library   251 18/10/2005 Central Library Central Library Central Library 25/02/2004 Sai Books 250.00 IS RS 1 50 Rupees    
26/01/2024   001.642 SIN;14 27545 20 200.00 26/01/2024 Books     Central Library   2532 16/01/2006 Central Library Central Library Central Library 21/04/2004 Mega Books 250.00 IS RS 1 50 Rupees    
26/01/2024   001.642 SIN;15 27546 20 200.00 26/01/2024 Books     Central Library   2532 16/01/2006 Central Library Central Library Central Library 21/04/2004 Mega Books 250.00 IS RS 1 50 Rupees    
01/04/2024 1 001.642 SIN;16 36135 20 200.00 26/01/2024 Books     Central Library   27804 10/07/2001 Central Library Central Library Central Library 13/06/2005 Sapna Book House 250.00 IS RS 1 50 Rupees 07/02/2011 01/04/2024
26/01/2024   001.642 SIN 39903 25 195.00 26/01/2024 Books     Central Library   809226 18/10/2004 Central Library Central Library Central Library 30/12/2005 Book Paradise 260.00 CS RS 1 65 Rupees    
16/06/2025 1 001.642 SIN;19 51881     26/01/2024 Books     Central Library     23/01/2012 Central Library Central Library Central Library 24/12/2008 Publisher   DONATED RS 1   Rupees   21/05/2025
11/06/2026 1 001.642 SIN;13 27544 20 200.00 26/01/2024 Books     Central Library   2532 16/01/2006 Central Library Lending Library Central Library 21/04/2004 Mega Books 250.00 IS RS 1 50 Rupees 25/06/2026 11/06/2026

© For any Suggestions or Query, please contact the library staff @ librarian@pes.edu or Phone: +9180 2672 1983/ 2108.